000 01235cam a2200349 a 4500
999 _c6450
_d6450
001 1186733
003 OSt
005 20200122123056.0
008 970313s1996 enk b 001 0 eng d
010 _a 97127205
020 _a0304332232
020 _a0304332259 (pbk.)
035 _a(NNU)NYUb11455288
035 _a(OCoLC)ocm34504880
035 _a(CStRLIN)NYUGB11455288-B
040 _aEYE
_cEYE
_dDLC
042 _alccopycat
043 _ae-uk---
050 0 0 _b.P652 1996
100 1 _aPower, Sally.
_913270
245 1 4 _aThe pastoral and the academic :
_bconflict and contradiction in the curriculum /
_cSally Power.
260 _aLondon ;
_aNew York :
_bCassell,
_c1996.
300 _aviii, 164 p. ;
_c24 cm.
440 0 _aCassell studies in pastoral care and personal and social education
_913271
504 _aIncludes bibliographical references (p. [145]-155) and indexes.
650 0 _aEducational counseling
_zGreat Britain.
_913272
650 0 _aMoral education
_zGreat Britain.
_913273
650 0 _aEducation
_xCurricula
_xSocial aspects
_zGreat Britain.
_913274
906 _a7
_bcbc
_ccopycat
_d2
_encip
_f19
_gy-gencatlg
942 _2ddc
_cO_SHELF